How churches grow : (Record no. 3251)

MARC details
000 -LEADER
fixed length control field 01781cam a2200313Ii 4500
001 - CONTROL NUMBER
control field 469480
003 - CONTROL NUMBER IDENTIFIER
control field GBCCL
005 - DATE AND TIME OF LATEST TRANSACTION
control field 20241126110451.0
008 - FIXED-LENGTH DATA ELEMENTS--GENERAL INFORMATION
fixed length control field 740903s1970 nyu b 001 0 eng c
010 ## -
-- 66028286
035 ## - SYSTEM CONTROL NUMBER
System control number (OCoLC)ocm00996628
035 ## - SYSTEM CONTROL NUMBER
System control number (OCoLC)996628
040 ## - CATALOGING SOURCE
Original cataloging agency CDC
Language of cataloging eng
Transcribing agency CDC
Modifying agency OCLCG
-- OCLCA
-- OKR
-- BTA
-- OCLCQ
-- OCLCF
-- OCLCQ
-- PB4
-- LBB
049 ## -
-- LBBC
050 00 -
-- BV2061
-- .M25
082 0# - DEWEY DECIMAL CLASSIFICATION NUMBER
Classification number 266
Item number MCG
100 1# - MAIN ENTRY--PERSONAL NAME
Personal name McGavran, Donald A.
Fuller form of name (Donald Anderson),
Dates associated with a name 1897-1990.
9 (RLIN) 2848
245 10 - TITLE STATEMENT
Title How churches grow :
Remainder of title the new frontiers of mission /
Statement of responsibility, etc. Donald Anderson McGavran.
260 ## - PUBLICATION, DISTRIBUTION, ETC.
Place of publication, distribution, etc. New York :
Name of publisher, distributor, etc. Friendship Press,
Date of publication, distribution, etc. 1970, �1966.
300 ## - PHYSICAL DESCRIPTION
Extent 188 pages ;
Dimensions 23 cm
336 ## - CONTENT TYPE
Content type term text
Content type code txt
Source rdacontent
337 ## - MEDIA TYPE
Media type term unmediated
Media type code n
Source rdamedia
338 ## - CARRIER TYPE
Carrier type term volume
Carrier type code nc
Source rdacarrier
504 ## - BIBLIOGRAPHY, ETC. NOTE
Bibliography, etc. note Includes bibliographical references and index.
505 0# - FORMATTED CONTENTS NOTE
Formatted contents note The blaze of opportunity -- The crucial issue in the world mission -- Obstructions in the protestant mind -- The structure of church growth -- How is the population composed? -- What does each population believe? -- How can the responsive be formed into churches? -- Authentic spiritual fire -- What do the scriptures say of mission? -- Current philosophies of missions -- Understanding church growth -- The "cultural overhang" -- The tremendous pressure to "perfect" -- "Gradualism" -- The prison of previous patterns -- Permanent v. Pauline involvement -- Methods which multiply churches -- The creation and support of leadership -- Checking methods against actual growth -- Expansion ahead of the church -- Fatigue -- "The same for all" -- Administration and church-growth.
650 #0 - SUBJECT ADDED ENTRY--TOPICAL TERM
Topical term or geographic name entry element Missions.
9 (RLIN) 885
650 #7 - SUBJECT ADDED ENTRY--TOPICAL TERM
Topical term or geographic name entry element Missions.
Source of heading or term fast
Authority record control number or standard number (OCoLC)fst01023771
9 (RLIN) 885
942 ## - ADDED ENTRY ELEMENTS (KOHA)
Source of classification or shelving scheme Dewey Decimal Classification
Koha item type Books
Koha issues (borrowed), all copies 13
Holdings
Withdrawn status Lost status Source of classification or shelving scheme Damaged status Not for loan Home library Current Library Shelving location Date acquired Total checkouts Total renewals Full call number Barcode Date last seen Date last checked out Copy number Price effective from Koha item type
    Dewey Decimal Classification     GRACE BIBLE COLLEGE GRACE BIBLE COLLEGE Ministry & Mission 2017-11-22 13 5 266 MCG 001665 2025-05-01 2024-11-21 c.1 2017-11-22 Books
© Grace Bible College Library 2025